Industrial Tomography : Systems and Applications /

Salvato in:
Dettagli Bibliografici
Autore principale: Wang , Ming (Autore)
Natura: Libro
Lingua:inglese
Pubblicazione: Amsterdam Elsevier 2015
Serie:Woodhead Publishing Series in Electronic and Optical Materials 71
Soggetti:
Tags: Aggiungi Tag
Nessun Tag, puoi essere il primo ad aggiungerne!!

MARC

LEADER 00000nam a22000003a 4500
001 0100730
003 SK-STU
005 20230224082348.4
007 ta
008 230224s ----xo-----e------000-0-----d
020 |a 978-1-78242-118-4 
040 |a STU  |b slo 
041 0 |a eng 
044 |a ne 
100 1 |a Wang , Ming  |4 aut 
245 1 0 |a Industrial Tomography :  |b Systems and Applications /  |c aut. Ming Wang 
260 |a Amsterdam  |b Elsevier  |c 2015 
300 |a 744 s. 
490 0 |a Woodhead Publishing Series in Electronic and Optical Materials  |v 71 
650 0 7 |a tomografia 
996 |b 284M089283  |c M* 14760-1  |l MMKN  |s A  |a 24  |w 0100730_0001